N°1 Mondiaux Classement ATP (Mort subite) - Statistiques

Statistiques générales
  • Ce quiz a été pris 1 300 fois
  • Le résultat moyen est 11 sur 29
Answers on the Grid
Answers color-coded by a green-red scale on the quiz's grid according to % correct below.
Ilie Năstase
John Newcombe
Jimmy Connors
Björn Borg
John McEnroe
Ivan Lendl
Mats Wilander
Stefan Edberg
Boris Becker
Jim Courier
Pete Sampras
Andre Agassi
Thomas Muster
Marcelo Rios
Carlos Moyà
Ievgueni Kafelnikov
Patrick Rafter
Gustavo Kuerten
Marat Safin
Lleyton Hewitt
Juan Carlos Ferrero
Andy Roddick
Roger Federer
Rafael Nadal
Novak Djokovic
Andy Murray
Daniil Medvedev
Carlos Alcaraz
Jannik Sinner
Yannick Noah
Sébastien Grosjean
Michael Chang
Guillermo Vilas
Sergi Bruguera
Stanislas Wawrinka
Casper Ruud
Alexander Zverev
Stéfanos Tsitsipás
Dominic Thiem
Johan Kriek
Pat Cash
Fernando González
Michael Stich
Goran Ivanišević
Cédric Pioline
Mark Philippoussis
Marin Čilić
Juan Martín del Potro
Kei Nishikori
Taylor Fritz
 
Statistiques - réponses
Réponse % Correct
Novak Djokovic
69%
Rafael Nadal
67%
Roger Federer
67%
Jannik Sinner
64%
Carlos Alcaraz
63%
Björn Borg
53%
Andy Murray
52%
John McEnroe
52%
Andre Agassi
50%
Pete Sampras
50%
Daniil Medvedev
44%
Jimmy Connors
38%
Boris Becker
37%
Ivan Lendl
36%
Mats Wilander
34%
Andy Roddick
32%
Jim Courier
31%
Lleyton Hewitt
31%
Marat Safin
31%
Stefan Edberg
28%
Juan Carlos Ferrero
27%
Gustavo Kuerten
24%
Carlos Moyà
22%
Ilie Năstase
17%
Marcelo Rios
16%
John Newcombe
14%
Patrick Rafter
13%
Ievgueni Kafelnikov
9%
Thomas Muster
8%
Aucun quiz correspondant
Distribution des résultats
% des personnes avec chaque résultat
Percentile par nombre de réponses
Votre historique - résultats
Vous n’avez pas pris ce quiz